Gaming Quiz

Random Gaming or Pokémon Quiz

'A' Ending Pokémon Quiz Stats

 Plays Quiz not verified by Sporcle

Challenge
Share
Tweet
Embed
Score 0/74 Timer 10:00
0 Plays Today
Generation Pokémon % Correct
IAbra
98.4%
IKadabra
93.5%
IIKingdra
75.8%
VIIPrimarina
75%
VIICelesteela
75%
IVPalkia
74.2%
VEmolga
72%
VIAmaura
72%
ISeadra
71%
IVDialga
71%
VIGoodra
68%
IKakuna
67.7%
IVGiratina
67.7%
VIITsareena
66.7%
VIIPheromosa
66.7%
VIIKartana
66.7%
VIHoopa
66.7%
ITangela
64.5%
IVYanmega
64%
VIHawlucha
64%
IICorsola
62.9%
IILugia
62.9%
IIIShedinja
62.9%
IHorsea
61.3%
IIYanma
61.3%
IIINincada
61.3%
IIIAltaria
59.7%
VIIDrampa
58.3%
VIILunala
58.3%
VIINecrozma
58.3%
VIIMagearna
58.3%
IIChikorita
56.5%
IILedyba
56.5%
VSwanna
56.5%
VIGreninja
56%
VISpewpa
56%
INidorina
54.8%
Generation Pokémon % Correct
IPonyta
54.8%
IISlugma
54.8%
IIIRayquaza
54.8%
IVStaravia
53.2%
IIQuilava
51.6%
IIIRoselia
51.6%
IIIVibrava
51.6%
IVTorterra
51.6%
VGalvantula
51.6%
IIIKirlia
50%
IIIHariyama
50%
VLarvesta
50%
IIIMakuhita
48.4%
IIICarvanha
48.4%
VVolcarona
48.4%
IITeddiursa
48%
VMeloetta
45.2%
VRoggenrola
43.5%
VGothita
43.5%
VGothorita
43.5%
IRattata
41.9%
VZebstrika
41.9%
VAlomomola
41.9%
IICleffa
40.3%
IIIPoochyena
40.3%
VMunna
40.3%
VMusharna
40.3%
VZorua
40.3%
IISunflora
40%
VTirtouga
38.7%
VCarracosta
38.7%
IIIMightyena
37.1%
IIISpinda
37.1%
IIICacnea
35.5%
VDarumaka
33.9%
VIIKomala
33.3%
IVCresselia
32.3%

You're not logged in!

Compare scores with friends on all Sporcle quizzes.
OR
Log In

You Might Also Like...

Show Comments

Extras

Created Mar 8, 2011ReportNominate
Tags:Pokémon Quiz, ending, Ends With

Top Quizzes Today


Score Distribution

Your Account Isn't Verified!

In order to create a playlist on Sporcle, you need to verify the email address you used during registration. Go to your Sporcle Settings to finish the process.

Report this User

Report this user for behavior that violates our Community Guidelines.

Details: